00797nam a2200205 a 450000100100000000500170001000800410002704000250006808200170009310000390011024500860014926000380023530000210027359000660029465000530036065000310041304900090044495201210045399900170057400001499620200929163932.0100128s1963 sp 000 0 spa d aDO-SdBNPbspacBNPHU a868.6bV453e1 aVendrell V., José Miguel,93395010aEspirales... :bbosquejos filosóficos y literarios /cJosé Miguel Vendrell V. aMadrid :bIberoamericanas,c1963. a300 p. ;c20 cm. aLa biblioteca posee un ejemplar autobiografiado por el autor. 4aLiteratos españolesxRelatos personales933951 4aLiteratura española9632 aBNGR 001052708MOaGRbGRcCTd2010-01-28iLF1l0o868.6 V453ep14996-10r2020-06-25w2020-06-25y2ZPréstamo interno c14569d14569